Culture générale 7 - Statistiques

Statistiques générales
  • Ce quiz a été pris 88 fois
  • Le résultat moyen est 6 sur 20
Statistiques - réponses
Hint Réponse % Correct
Combien de boules comporte l’Atomium de Bruxelles ? 9
64%
Quel célèbre acteur belge se fait surnommer aux Etats-Unis « The muscles from Brussels » ? Jean-Claude Van Damme
64%
Pour l’exploitation de quelle roche la ville italienne de Carrare est-elle célèbre ? Le marbre
58%
Dans quelle ville française le journal « Le Progrès » siège-t-il et est-il quotidiennement édité ? Lyon
53%
A quel compositeur italien doit-on l’opéra « La Traviata » ? Giuseppe Verdi
50%
Lors de quelle bataille des guerres napoléoniennes l’amiral Horatio Nelson s’est-il illustré et a-t-il perdu la vie, alors qu’il dirigeait la flotte anglaise ? La bataille de Trafalgar
48%
Comment appelle-t-on le poste d’observation en haut du mât d’un navire ? Un nid-de-pie
41%
Quelle ville croate est surnommée « La perle de l’Adriatique » ? Dubrovnik
40%
Dans quelle capitale européenne se situe le Monument aux découvertes ? Lisbonne
33%
Quel minerai d’aluminium, exploité pour la première fois aux Baux-de-Provence, tient son nom de cette commune des Bouches-du-Rhône ? La bauxite
30%
Quelle influenceuse franco-suisse répond, dans la vie de tous les jours, au nom de Marie Lopez ? EnjoyPhoenix
29%
Comment appelle-t-on un habitant de Besançon ? Un bisontin
21%
Quel sommet, surnommé « Le colosse de l’Amérique », est la plus haute montagne du monde en dehors de l’Asie ? L'Aconcagua
20%
Comment s’appelait le navire de guerre à bord duquel le marquis de Lafayette a rejoint les Etats-Unis en 1780, lui permettant de rejoindre les insurgés américains en lutte pour leur indépendance ? L'Hermione
11%
Quel physicien français a découvert la radioactivité en 1896, et a été lauréat du Prix Nobel de physique partagé en 1903 avec Marie et Pierre Curie ? Henri Becquerel
10%
Quel est le vrai prénom de l’animateur Julien Courbet ? Frédéric
9%
Quel président de la République française a été le premier à se marier au cours de son mandat ? Gaston Doumergue
6%
Comment s’appelle le principal cours d’eau traversant la ville de Belfort ? La Savoureuse
5%
Quel détroit sépare les îles de Sakhaline (Russie) et Hokkaido (Japon) ? Le détroit de La Pérouse
4%
Comment s’appelle le leader du groupe Manau ? Martial Tricoche
4%
Aucun quiz correspondant
Distribution des résultats
% des personnes avec chaque résultat
Percentile par nombre de réponses
Votre historique - résultats
Vous n’avez pas pris ce quiz